[Event "37. International Bosna 2007 - GMB"]
[Site "Sarajevo BIH"]
[Date "2007.05.25"]
[Round "6.1"]
[White "Tomic, Bosko"]
[Black "Vukic, Milan"]
[Result "1/2-1/2"]
[WhiteElo "2393"]
[BlackElo "2505"]
[PlyCount "117"]
[EventDate "2007.05.19"]
[EventType "tourn"]
[EventRounds "9"]
[EventCountry "BIH"]
[EventCategory "9"]
[Source "lmi"]
[SourceDate "2007.05.18"]

1. e4 c5 2. Nf3 e6 3. d4 cxd4 4. Nxd4 Nf6 5. Nc3 Nc6 6. Ndb5 d6 7. Bf4 e5 8.
Bg5 a6 9. Na3 b5 10. Bxf6 gxf6 11. Nd5 f5 12. Bd3 Be6 13. O-O Bg7 14. Qh5 f4
15. c3 O-O 16. g3 Ne7 17. Nxe7+ Qxe7 18. gxf4 exf4 19. Kh1 Be5 20. Rg1+ Kh8 21.
Nc2 Rg8 22. Nb4 Qb7 23. Qf3 Qd7 24. Be2 Rg6 25. Nd5 Qd8 26. Qh5 Qf8 27. Rxg6
fxg6 28. Qf3 Ra7 29. a4 bxa4 30. Rxa4 Rg7 31. Rxa6 g5 32. Qh5 g4 33. Nb6 f3 34.
Bf1 Qf4 35. Ra8+ Rg8 36. Rxg8+ Bxg8 37. Nd7 Bg7 38. Nb6 Qxe4 39. Kg1 d5 40. Nc8
Qe6 41. Na7 d4 42. Qc5 dxc3 43. bxc3 Qf6 44. Nb5 Qf4 45. Qh5 Be5 46. Qh4 Kg7
47. Nd4 Bf7 48. Bd3 Qc1+ 49. Bf1 Qf4 50. Bd3 Bg8 51. Nf5+ Kh8 52. Ne3 Bxc3 53.
Qxg4 Qxg4+ 54. Nxg4 Bd5 55. Ne3 Bb7 56. Nf5 Be5 57. Bc2 h5 58. Ng3 h4 59. Be4
1/2-1/2

[Event "37. International Bosna 2007 - GMB"]
[Site "Sarajevo BIH"]
[Date "2007.05.25"]
[Round "6.2"]
[White "Stojanovic, Dalibor"]
[Black "Runic, Zoran"]
[Result "1-0"]
[WhiteElo "2473"]
[BlackElo "2414"]
[PlyCount "95"]
[EventDate "2007.05.19"]
[EventType "tourn"]
[EventRounds "9"]
[EventCountry "BIH"]
[EventCategory "9"]
[Source "lmi"]
[SourceDate "2007.05.18"]

1. e4 c6 2. d4 d5 3. Nd2 a6 4. Ngf3 Bg4 5. c3 e6 6. Be2 Nf6 7. Ne5 Bxe2 8. Qxe2
Be7 9. O-O O-O 10. Nd3 dxe4 11. Nxe4 Nxe4 12. Qxe4 Nd7 13. Re1 Nf6 14. Qe2 Qd5
15. Ne5 Rad8 16. Bg5 Rfe8 17. Bxf6 Bxf6 18. Ng4 Be7 19. Ne3 Qg5 20. Qf3 Bd6 21.
Rad1 Bc7 22. g3 Rd7 23. Re2 Red8 24. Rde1 h6 25. h4 Qa5 26. a3 Qb5 27. c4 Qb3
28. d5 cxd5 29. Qg4 h5 30. Qg5 dxc4 31. Nf5 f6 32. Qxh5 e5 33. Qg4 c3 34. bxc3
Kh7 35. h5 Qf7 36. Nh4 Bb6 37. Qb4 Ba7 38. Qe4+ Kg8 39. Qg4 Rc8 40. Nf5 Kh8 41.
Nd6 Rxd6 42. Qxc8+ Kh7 43. Qf5+ Kg8 44. a4 Qc4 45. h6 Qxa4 46. Qc8+ Kh7 47.
hxg7 Kxg7 48. Re4 1-0

[Event "37. International Bosna 2007 - GMB"]
[Site "Sarajevo BIH"]
[Date "2007.05.25"]
[Round "6.3"]
[White "Jakovljevic, Vlado"]
[Black "Zugic, Igor"]
[Result "1/2-1/2"]
[WhiteElo "2419"]
[BlackElo "2481"]
[PlyCount "89"]
[EventDate "2007.05.19"]
[EventType "tourn"]
[EventRounds "9"]
[EventCountry "BIH"]
[EventCategory "9"]
[Source "lmi"]
[SourceDate "2007.05.18"]

1. Nf3 Nf6 2. c4 g6 3. d4 Bg7 4. g3 O-O 5. Bg2 d5 6. cxd5 Nxd5 7. O-O Nb6 8.
Nc3 Nc6 9. d5 Na5 10. e4 c6 11. Bf4 Nac4 12. Qe2 e5 13. Bg5 f6 14. Bc1 cxd5 15.
Nxd5 Be6 16. Rd1 Rc8 17. Nf4 Qe7 18. Nxe6 Qxe6 19. b3 Nd6 20. Bb2 Rc6 21. Rac1
Rfc8 22. Rxc6 Rxc6 23. Ne1 a6 24. Nc2 Bf8 25. Nb4 Rc7 26. Nd5 Nxd5 27. Rxd5 Nb5
28. Qd3 Rc6 29. Rd8 Rd6 30. Rxd6 Qxd6 31. Qc4+ Kg7 32. Qc8 Qc7 33. Qxc7+ Nxc7
34. Bh3 Bc5 35. a4 a5 36. Bc8 b6 37. Kg2 Kf7 38. f4 Bd4 39. Bxd4 exd4 40. Kf3
Ke7 41. h4 Kd8 42. Bb7 Ke7 43. Bc8 Kd8 44. Bb7 Ke7 45. Bc8 1/2-1/2

[Event "37. International Bosna 2007 - GMB"]
[Site "Sarajevo BIH"]
[Date "2007.05.25"]
[Round "6.4"]
[White "Ljubicic, Filip"]
[Black "Trkulja, Goran"]
[Result "1/2-1/2"]
[WhiteElo "2396"]
[BlackElo "2317"]
[PlyCount "101"]
[EventDate "2007.05.19"]
[EventType "tourn"]
[EventRounds "9"]
[EventCountry "BIH"]
[EventCategory "9"]
[Source "lmi"]
[SourceDate "2007.05.18"]

1. e4 e6 2. d4 d5 3. Nc3 Nf6 4. Bg5 Bb4 5. e5 h6 6. Bd2 Bxc3 7. Bxc3 Ne4 8. Bd3
Nxc3 9. bxc3 c5 10. Nf3 Qa5 11. Qd2 Nc6 12. dxc5 Qxc5 13. O-O a6 14. Rfe1 Bd7
15. Rab1 b5 16. Nd4 Nxd4 17. cxd4 Qxd4 18. Rb4 Qc5 19. Rg4 g6 20. Rf4 Rc8 21.
Re3 g5 22. Rf6 d4 23. Re2 Rc7 24. h3 Qc3 25. Qd1 Bc6 26. f4 gxf4 27. Rxf4 Rg8
28. Ref2 Rg5 29. h4 Rxe5 30. Qg4 Qc5 31. Qg8+ Qf8 32. Qh7 Re1+ 33. Kh2 Rd7 34.
Bg6 Kd8 35. Bxf7 Kc7 36. Qg6 Qd6 37. Be8 Rd8 38. Bxc6 Kxc6 39. Qxh6 Qe5 40. Qf6
Qxf6 41. Rxf6 Rh8 42. Kg3 Kd5 43. Rf8 Re3+ 44. R8f3 Re4 45. Rf4 Rg8+ 46. Kh3
Re3+ 47. R4f3 Re1 48. Rf1 Re2 49. R1f2 Re1 50. Rf1 Re2 51. R1f2 1/2-1/2

[Event "37. International Bosna 2007 - GMB"]
[Site "Sarajevo BIH"]
[Date "2007.05.25"]
[Round "6.5"]
[White "Drasko, Milan"]
[Black "Atalik, Suat"]
[Result "1-0"]
[WhiteElo "2543"]
[BlackElo "2584"]
[PlyCount "109"]
[EventDate "2007.05.19"]
[EventType "tourn"]
[EventRounds "9"]
[EventCountry "BIH"]
[EventCategory "9"]
[Source "lmi"]
[SourceDate "2007.05.18"]

1. d4 Nf6 2. c4 e6 3. Nc3 c5 4. d5 exd5 5. cxd5 d6 6. Nf3 g6 7. g3 Bg7 8. Bg2
O-O 9. O-O Na6 10. Nd2 Nc7 11. Nc4 Nfe8 12. a4 b6 13. Qc2 Ba6 14. b3 f5 15. Bb2
Nf6 16. Rfd1 Qe7 17. e3 Rad8 18. Rd2 Nd7 19. Ne2 Bxb2 20. Qxb2 Bxc4 21. bxc4
Ne5 22. Qb3 g5 23. h3 Rde8 24. Ra3 f4 25. exf4 gxf4 26. gxf4 Ng6 27. Qb2 Qf6
28. Rg3 Re7 29. Qxf6 Rxf6 30. Rg4 Kf8 31. Kh2 h5 32. Rg5 Nxf4 33. Nxf4 Rxf4 34.
Rxh5 Rxc4 35. Rd3 Rf4 36. Rh8+ Kg7 37. Rd8 Ne8 38. Rg3+ Kf8 39. Bf3 Ref7 40.
Bh5 Rxf2+ 41. Rg2 Rxg2+ 42. Kxg2 Ke7 43. Ra8 Rg7+ 44. Kf2 Nc7 45. Rxa7 Kf6 46.
Bf3 Ke5 47. Rb7 Rh7 48. h4 Kd4 49. h5 c4 50. Rxb6 c3 51. Rxd6 c2 52. Rc6 Kd3
53. Rxc2 Kxc2 54. Be4+ Kb3 55. Bxh7 1-0

[Event "37. International Bosna 2007 - GMB"]
[Site "Sarajevo BIH"]
[Date "2007.05.26"]
[Round "7.1"]
[White "Atalik, Suat"]
[Black "Tomic, Bosko"]
[Result "1/2-1/2"]
[WhiteElo "2584"]
[BlackElo "2393"]
[PlyCount "76"]
[EventDate "2007.05.19"]
[EventType "tourn"]
[EventRounds "9"]
[EventCountry "BIH"]
[EventCategory "9"]
[Source "lmi"]
[SourceDate "2007.05.18"]

1. d4 Nf6 2. c4 e6 3. Nf3 Bb4+ 4. Bd2 Qe7 5. g3 b6 6. Bg2 Bb7 7. O-O Bxd2 8.
Qxd2 d6 9. Nc3 Nbd7 10. Qc2 O-O 11. e4 e5 12. Rad1 Rfe8 13. Rfe1 a6 14. b4 c5
15. bxc5 bxc5 16. dxe5 Nxe5 17. Nxe5 Qxe5 18. f4 Qe7 19. Rb1 Rab8 20. Re2 Qc7
21. Qd3 Bc6 22. Rxb8 Rxb8 23. e5 dxe5 24. fxe5 Nd7 25. e6 fxe6 26. Rxe6 Bxg2
27. Kxg2 Nf6 28. Nd5 Nxd5 29. Qxd5 Qf7 30. a4 Kh8 31. Re2 Qc7 32. Re6 Qf7 33.
Rxa6 Rb2+ 34. Kh3 Qf1+ 35. Kg4 Qe2+ 36. Kh3 Qf1+ 37. Kg4 Qe2+ 38. Kh3 Qf1+
1/2-1/2

[Event "37. International Bosna 2007 - GMB"]
[Site "Sarajevo BIH"]
[Date "2007.05.26"]
[Round "7.3"]
[White "Zugic, Igor"]
[Black "Ljubicic, Filip"]
[Result "1/2-1/2"]
[WhiteElo "2481"]
[BlackElo "2396"]
[PlyCount "87"]
[EventDate "2007.05.19"]
[EventType "tourn"]
[EventRounds "9"]
[EventCountry "BIH"]
[EventCategory "9"]
[Source "lmi"]
[SourceDate "2007.05.18"]

1. d4 Nf6 2. c4 g6 3. Nc3 Bg7 4. e4 d6 5. d5 O-O 6. Bd3 c6 7. Nf3 Bg4 8. h3
Bxf3 9. Qxf3 Nbd7 10. Qd1 e6 11. dxc6 bxc6 12. O-O Nc5 13. Rb1 Nfd7 14. Qc2
Nxd3 15. Qxd3 Nc5 16. Qc2 Qh4 17. b4 Nb7 18. Bd2 f5 19. f4 Qf6 20. Ne2 Qf7 21.
Kh1 fxe4 22. Qxe4 d5 23. cxd5 cxd5 24. Qd3 Nd6 25. Nd4 Rac8 26. b5 Rc4 27. Nc6
Ne4 28. Bb4 Re8 29. Qe3 a6 30. Ne5 Bxe5 31. fxe5 Rxb4 32. bxa6 Rxb1 33. Rxb1
Qf5 34. Rb7 Qf1+ 35. Kh2 Nf2 36. a7 Qh1+ 37. Kg3 Ne4+ 38. Qxe4 dxe4 39. Rb8
Qe1+ 40. Kh2 Qf2 41. Rxe8+ Kg7 42. a8=Q Qf4+ 43. Kg1 Qc1+ 44. Kh2 1/2-1/2

[Event "37. International Bosna 2007 - GMB"]
[Site "Sarajevo BIH"]
[Date "2007.05.26"]
[Round "7.4"]
[White "Runic, Zoran"]
[Black "Jakovljevic, Vlado"]
[Result "0-1"]
[WhiteElo "2414"]
[BlackElo "2419"]
[PlyCount "42"]
[EventDate "2007.05.19"]
[EventType "tourn"]
[EventRounds "9"]
[EventCountry "BIH"]
[EventCategory "9"]
[Source "lmi"]
[SourceDate "2007.05.18"]

1. e4 c5 2. Nf3 d6 3. d4 cxd4 4. Nxd4 Nf6 5. Nc3 a6 6. f4 Qc7 7. Qf3 e5 8. fxe5
dxe5 9. Nf5 Bxf5 10. Qxf5 Bb4 11. Bd2 Nc6 12. Bd3 Nd4 13. Qh3 Bxc3 14. Bxc3 O-O
15. O-O Nd7 16. Qe3 Rad8 17. Rf2 Nc5 18. Bf1 Qc6 19. Bb4 Nxe4 20. Bxf8 Nxf2 21.
Bxg7 Ng4 0-1

[Event "37. International Bosna 2007 - GMB"]
[Site "Sarajevo BIH"]
[Date "2007.05.27"]
[Round "8.1"]
[White "Tomic, Bosko"]
[Black "Stojanovic, Dalibor"]
[Result "1/2-1/2"]
[WhiteElo "2393"]
[BlackElo "2473"]
[PlyCount "46"]
[EventDate "2007.05.19"]
[EventType "tourn"]
[EventRounds "9"]
[EventCountry "BIH"]
[EventCategory "9"]
[Source "lmi"]
[SourceDate "2007.05.18"]
[WhiteTeam "Bosnien  Herzegowina"]
[BlackTeam "Bosnien  Herzegowina"]
[WhiteTeamCountry "BIH"]
[BlackTeamCountry "BIH"]

1. e4 e5 2. Nf3 Nc6 3. Bb5 Nf6 4. Qe2 Bc5 5. c3 O-O 6. O-O d6 7. Rd1 Qe7 8. h3
Bb6 9. d3 Bd7 10. a4 a6 11. Bxc6 bxc6 12. Nbd2 Be6 13. Nc4 Bxc4 14. dxc4 a5 15.
Nh4 Qe6 16. b4 Kh8 17. b5 Ng8 18. bxc6 Bc5 19. Nf5 Ne7 20. Nxe7 Qxe7 21. Be3
Bxe3 22. Qxe3 Qe8 23. c5 Qxc6 1/2-1/2

[Event "37. International Bosna 2007 - GMB"]
[Site "Sarajevo BIH"]
[Date "2007.05.27"]
[Round "8.2"]
[White "Jakovljevic, Vlado"]
[Black "Vukic, Milan"]
[Result "1-0"]
[WhiteElo "2419"]
[BlackElo "2505"]
[PlyCount "79"]
[EventDate "2007.05.19"]
[EventType "tourn"]
[EventRounds "9"]
[EventCountry "BIH"]
[EventCategory "9"]
[Source "lmi"]
[SourceDate "2007.05.18"]
[WhiteTeam "Bosnien  Herzegowina"]
[BlackTeam "Bosnien  Herzegowina"]
[WhiteTeamCountry "BIH"]
[BlackTeamCountry "BIH"]

1. Nf3 Nf6 2. c4 d6 3. d4 g6 4. Nc3 Bg7 5. g3 O-O 6. Bg2 c6 7. O-O Qa5 8. e4
Bg4 9. h3 Bxf3 10. Bxf3 Nfd7 11. Be3 Nb6 12. Be2 N6d7 13. Qd2 c5 14. d5 Bxc3
15. bxc3 Nf6 16. Bd3 Nbd7 17. f4 Nh5 18. g4 Ng7 19. Rab1 Qc7 20. Bf2 e6 21.
dxe6 fxe6 22. Bg3 Rf7 23. Bc2 Nb6 24. Qd3 Raf8 25. f5 e5 26. Rbd1 Ne8 27. Qe2
g5 28. h4 Qe7 29. Kg2 gxh4 30. Bf2 Rg7 31. Kh3 h5 32. Rg1 hxg4+ 33. Rxg4 Rxg4
34. Qxg4+ Qg7 35. Qe2 Qh7 36. Bd3 Kf7 37. Rg1 Nf6 38. Rg5 Rg8 39. Be3 Nbd7 40.
Qf3 1-0

[Event "37. International Bosna 2007 - GMB"]
[Site "Sarajevo BIH"]
[Date "2007.05.27"]
[Round "8.3"]
[White "Ljubicic, Filip"]
[Black "Runic, Zoran"]
[Result "1-0"]
[WhiteElo "2414"]
[BlackElo "2414"]
[PlyCount "107"]
[EventDate "2007.05.19"]
[EventType "tourn"]
[EventRounds "9"]
[EventCountry "BIH"]
[EventCategory "9"]
[Source "lmi"]
[SourceDate "2007.05.18"]
[WhiteTeam "Kroatien"]
[BlackTeam "Bosnien  Herzegowina"]
[WhiteTeamCountry "CRO"]
[BlackTeamCountry "BIH"]

1. e4 e5 2. Nf3 d6 3. d4 Nd7 4. Bc4 c6 5. c3 exd4 6. cxd4 Nb6 7. Bb3 Nf6 8. Nc3
Be7 9. O-O O-O 10. h3 d5 11. e5 Ne4 12. Re1 Nxc3 13. bxc3 Bf5 14. Bf4 Nc4 15.
Qe2 b5 16. Nd2 Nb2 17. Ne4 Nc4 18. Bxc4 dxc4 19. Nd6 Be6 20. Qf3 Qd7 21. Qg3
Kh8 22. Bg5 f6 23. Bf4 Bd5 24. Re2 fxe5 25. Bxe5 Bf6 26. Rae1 Bxe5 27. dxe5 Be6
28. Qe3 a5 29. a3 Qa7 30. Rd2 Qxe3 31. Rxe3 Rab8 32. Rb2 h6 33. Kf1 Kh7 34. Ke2
g5 35. f3 Kg6 36. Re4 h5 37. Kf2 Rfd8 38. Re1 Rb6 39. Ke3 c5 40. Reb1 b4 41.
axb4 cxb4 42. Ra1 Rdb8 43. Rxa5 bxc3 44. Rc2 Rb2 45. Rxc3 R8b3 46. Rxb3 cxb3
47. g4 Rh2 48. Ne4 b2 49. Rb5 Rxh3 50. gxh5+ Kxh5 51. Rxb2 g4 52. Rf2 Kh4 53.
Kf4 gxf3 54. Ng5 1-0

[Event "37. International Bosna 2007 - GMB"]
[Site "Sarajevo BIH"]
[Date "2007.05.27"]
[Round "8.5"]
[White "Atalik, Suat"]
[Black "Trkulja, Goran"]
[Result "1-0"]
[WhiteElo "2584"]
[BlackElo "2317"]
[PlyCount "41"]
[EventDate "2007.05.19"]
[EventType "tourn"]
[EventRounds "9"]
[EventCountry "BIH"]
[EventCategory "9"]
[Source "lmi"]
[SourceDate "2007.05.18"]
[WhiteTeam "Türkei"]
[BlackTeam "Bosnien  Herzegowina"]
[WhiteTeamCountry "TUR"]
[BlackTeamCountry "BIH"]

1. d4 Nf6 2. c4 c6 3. Nc3 d5 4. e3 g6 5. Nf3 Bg7 6. Bd3 O-O 7. O-O a6 8. h3
Nbd7 9. a4 dxc4 10. Bxc4 b5 11. axb5 Nb6 12. Bxf7+ Rxf7 13. bxc6 e6 14. e4 Rc7
15. Ne5 Qe8 16. Be3 Rxc6 17. Nxc6 Qxc6 18. d5 Qb7 19. dxe6 Nc4 20. Qd8+ Bf8 21.
Qxf6 1-0

[Event "37. International Bosna 2007 - GMB"]
[Site "Sarajevo BIH"]
[Date "2007.05.28"]
[Round "9.2"]
[White "Zugic, Igor"]
[Black "Atalik, Suat"]
[Result "1/2-1/2"]
[WhiteElo "2481"]
[BlackElo "2584"]
[PlyCount "68"]
[EventDate "2007.05.19"]
[EventType "tourn"]
[EventRounds "9"]
[EventCountry "BIH"]
[EventCategory "9"]
[Source "lmi"]
[SourceDate "2007.05.18"]
[WhiteTeam "Kanada"]
[BlackTeam "Türkei"]
[WhiteTeamCountry "CAN"]
[BlackTeamCountry "TUR"]

1. d4 d5 2. c4 e6 3. Nc3 c6 4. Nf3 Nf6 5. cxd5 exd5 6. Bg5 h6 7. Bxf6 Qxf6 8.
e3 Bd6 9. h3 Bf5 10. Bd3 Nd7 11. Bxf5 Qxf5 12. Qb1 Qe6 13. e4 Bb4 14. e5 O-O-O
15. O-O g5 16. Qd3 Rhg8 17. Ne2 f6 18. a3 Ba5 19. exf6 Qxf6 20. b4 Bc7 21. b5
g4 22. hxg4 Rxg4 23. bxc6 bxc6 24. Qa6+ Kb8 25. Ne5 Nxe5 26. dxe5 Qg6 27. Rab1+
Bb6 28. Rxb6+ axb6 29. Qxb6+ Kc8 30. Rc1 Rc4 31. Qa6+ Kc7 32. Qa7+ Kc8 33. Qa6+
Kc7 34. Qa7+ Kc8 1/2-1/2

[Event "37. International Bosna 2007 - GMB"]
[Site "Sarajevo BIH"]
[Date "2007.05.28"]
[Round "9.3"]
[White "Runic, Zoran"]
[Black "Drasko, Milan"]
[Result "1/2-1/2"]
[WhiteElo "2414"]
[BlackElo "2543"]
[PlyCount "22"]
[EventDate "2007.05.19"]
[EventType "tourn"]
[EventRounds "9"]
[EventCountry "BIH"]
[EventCategory "9"]
[Source "lmi"]
[SourceDate "2007.05.18"]
[WhiteTeam "Bosnien  Herzegowina"]
[BlackTeam "Serbien und Montenegro"]
[WhiteTeamCountry "BIH"]
[BlackTeamCountry "YUG"]

1. e4 e6 2. d4 d5 3. e5 c5 4. c3 Nc6 5. Nf3 Bd7 6. a3 Nge7 7. Bd3 cxd4 8. cxd4
Qb6 9. Bc2 Nf5 10. Bxf5 exf5 11. Nc3 Be6 1/2-1/2

[Event "37. International Bosna 2007 - GMB"]
[Site "Sarajevo BIH"]
[Date "2007.05.28"]
[Round "9.4"]
[White "Vukic, Milan"]
[Black "Ljubicic, Filip"]
[Result "1/2-1/2"]
[WhiteElo "2505"]
[BlackElo "2414"]
[PlyCount "61"]
[EventDate "2007.05.19"]
[EventType "tourn"]
[EventRounds "9"]
[EventCountry "BIH"]
[EventCategory "9"]
[Source "lmi"]
[SourceDate "2007.05.18"]
[WhiteTeam "Bosnien  Herzegowina"]
[BlackTeam "Kroatien"]
[WhiteTeamCountry "BIH"]
[BlackTeamCountry "CRO"]

1. Nf3 g6 2. g3 Bg7 3. d4 d6 4. Bg2 Nf6 5. O-O O-O 6. Re1 c6 7. b3 Qa5 8. Bb2
Qh5 9. e4 Bh3 10. Nbd2 Nbd7 11. Qe2 Ng4 12. Qf1 Bxg2 13. Qxg2 Qa5 14. h3 Ngf6
15. Qf1 Ne8 16. Qe2 Nc7 17. Kg2 Rac8 18. a4 Rfe8 19. e5 d5 20. c4 Bh6 21. h4
Nf8 22. h5 Nfe6 23. Rh1 Bg7 24. Qe3 c5 25. hxg6 fxg6 26. Rh4 cxd4 27. Nxd4 dxc4
28. Nxc4 Qd5+ 29. Kg1 Rcd8 30. Re1 Rf8 31. Bc3 1/2-1/2

[Event "37. International Bosna 2007 - GMB"]
[Site "Sarajevo BIH"]
[Date "2007.05.28"]
[Round "9.5"]
[White "Stojanovic, Dalibor"]
[Black "Jakovljevic, Vlado"]
[Result "1-0"]
[WhiteElo "2473"]
[BlackElo "2419"]
[PlyCount "49"]
[EventDate "2007.05.19"]
[EventType "tourn"]
[EventRounds "9"]
[EventCountry "BIH"]
[EventCategory "9"]
[Source "lmi"]
[SourceDate "2007.05.18"]
[WhiteTeam "Bosnien  Herzegowina"]
[BlackTeam "Bosnien  Herzegowina"]
[WhiteTeamCountry "BIH"]
[BlackTeamCountry "BIH"]

1. e4 c5 2. Nf3 e6 3. Nc3 Nc6 4. Bb5 Nd4 5. O-O a6 6. Bd3 Ne7 7. b3 Nec6 8. Bb2
g6 9. Nxd4 cxd4 10. Ne2 Bg7 11. c3 d5 12. cxd4 dxe4 13. Bxe4 Nxd4 14. Nxd4 Bxd4
15. Bxd4 Qxd4 16. Qf3 Rb8 17. Qe3 Qd6 18. Qh6 Qd4 19. Rfe1 Bd7 20. Rac1 Ke7 21.
Rc4 Qd6 22. Qh4+ f6 23. Qh6 Kf7 24. Rc3 Rbc8 25. Rxc8 1-0